| 000 | 00527nam a22001937a 4500 | ||
|---|---|---|---|
| 999 |
_c5673 _d5673 |
||
| 003 | GBCCL | ||
| 005 | 20241126110547.0 | ||
| 008 | 180404b ||||| |||| 00| 0 eng d | ||
| 040 | _cgbc | ||
| 082 |
_a179.8 _bHAU |
||
| 100 |
_aHauck, Paul _910239 |
||
| 245 |
_aJealousy: _bWhy it happens and how to overcome it / _cPaul Hauck |
||
| 250 | _aInd. Ed. | ||
| 260 |
_aNew Delhi: _bSurendra Kumar Sachdeva, _c1987 |
||
| 300 |
_a140 p.; _c21 cm. |
||
| 650 |
_aJealousy _910240 |
||
| 650 |
_aPossessiveness _910241 |
||
| 942 |
_2ddc _cBK _05 |
||